[Event "2BLS 1718 SC Eppingen - SC Heusenstamm"]
[Site "?"]
[Date "2017.11.12"]
[Round "4.1"]
[White "Sadzikowski, Daniel"]
[Black "Noe, Christopher"]
[Result "1/2-1/2"]
[WhiteElo "2590"]
[BlackElo "2471"]
[PlyCount "97"]
[EventDate "2017.??.??"]

1. e4 c5 2. Nf3 Nc6 3. Bb5 e6 4. O-O Nge7 5. d4 cxd4 6. Nxd4 Nxd4 7. Qxd4 a6 8.
Be2 Nc6 9. Qc3 Qf6 10. Qxf6 gxf6 11. Be3 d5 12. exd5 Nb4 13. Na3 Nxd5 14. Bd2
Bd7 15. c3 Bxa3 16. bxa3 Bc6 17. c4 Ne7 18. Ba5 Ng6 19. f4 e5 20. fxe5 fxe5 21.
g3 O-O 22. h4 f5 23. h5 Ne7 24. Bc3 f4 25. Bg4 Nf5 26. Rae1 Rad8 27. Bxe5 Rd2
28. Bh3 fxg3 29. Rxf5 Rxf5 30. Bxf5 Rg2+ 31. Kf1 Rf2+ 32. Kg1 Rxf5 33. Bxg3
Rxh5 34. Re5 Rh1+ 35. Kf2 h5 36. Re1 Rh3 37. Re3 Kf7 38. a4 h4 39. Bc7 Rxe3 40.
Kxe3 Bxa4 41. Kf4 Bd7 42. Kg5 h3 43. Kh4 Kf6 44. Kg3 Be6 45. a4 Bxc4 46. Kxh3
b5 47. axb5 axb5 48. Ba5 b4 49. Bxb4 1/2-1/2

[Event "2BLS 1718 SC Eppingen - SC Heusenstamm"]
[Site "?"]
[Date "2017.11.12"]
[Round "4.2"]
[White "Mesaros, Florian"]
[Black "Wieczorek, Oskar"]
[Result "0-1"]
[WhiteElo "2409"]
[BlackElo "2455"]
[PlyCount "62"]
[EventDate "2017.??.??"]

1. Nf3 Nf6 2. c4 g6 3. Nc3 Bg7 4. e4 d6 5. d4 O-O 6. Be2 e5 7. O-O Nc6 8. d5
Ne7 9. b4 Ne8 10. a4 f5 11. exf5 e4 12. Nd4 Nxf5 13. Nxf5 Bxf5 14. Ra3 h5 15.
Bf4 Qe7 16. Qd2 Nf6 17. Nb5 a6 18. Nd4 Nd7 19. Be3 Ne5 20. Nxf5 Rxf5 21. c5 Qh4
22. Re1 Raf8 23. cxd6 cxd6 24. Kh1 Nf3 25. gxf3 Be5 26. f4 Rxf4 27. f3 exf3 28.
Bxf3 Rxf3 29. Rg1 Rf2 30. Rxg6+ Kh7 31. Rh6+ Kg7 0-1

[Event "2BLS 1718 SC Eppingen - SC Heusenstamm"]
[Site "?"]
[Date "2017.11.12"]
[Round "4.3"]
[White "Poetsch, Hagen"]
[Black "Medvegy, Zoltan"]
[Result "0-1"]
[WhiteElo "2483"]
[BlackElo "2550"]
[PlyCount "70"]
[EventDate "2017.??.??"]

1. e4 c5 2. Nf3 e6 3. d4 cxd4 4. Nxd4 Nc6 5. Nc3 Qc7 6. Be3 a6 7. Qf3 d6 8.
Nxc6 bxc6 9. O-O-O Rb8 10. Bc4 Nf6 11. g4 Be7 12. g5 Nd7 13. Qg3 Qb7 14. Bb3 c5
15. Rxd6 c4 16. Bxc4 Qxb2+ 17. Kd2 Bxd6 18. Qxd6 Qb4 19. Qc7 O-O 20. Rb1 Rb7
21. Qc6 Qa5 22. Rxb7 Ne5 23. Bb6 Qb4 24. Bc5 Nxc4+ 25. Ke2 Qxb7 26. Qxb7 Bxb7
27. Bxf8 Kxf8 28. Kd3 Nd6 29. Kd4 Nb5+ 30. Nxb5 axb5 31. f3 Bc6 32. Kc5 Be8 33.
Kd6 b4 34. Kc5 Ba4 35. Kxb4 Bxc2 0-1

[Event "2BLS 1718 SC Eppingen - SC Heusenstamm"]
[Site "?"]
[Date "2017.11.12"]
[Round "4.4"]
[White "Guliyev, Namig"]
[Black "Krejci, Jan"]
[Result "1-0"]
[WhiteElo "2565"]
[BlackElo "2551"]
[PlyCount "97"]
[EventDate "2017.??.??"]

1. e4 e5 2. Nf3 Nc6 3. Bb5 a6 4. Ba4 Nf6 5. O-O Be7 6. Re1 b5 7. Bb3 O-O 8. d4
d6 9. c3 Bg4 10. Be3 exd4 11. cxd4 Na5 12. Bc2 Nc4 13. Bc1 c5 14. b3 Nb6 15.
Nbd2 Rc8 16. h3 Bh5 17. Bb2 Nfd7 18. Rc1 cxd4 19. Bxd4 Bf6 20. g4 Bg6 21. Nf1
Re8 22. Ng3 Ne5 23. Nxe5 Bxe5 24. Bxe5 dxe5 25. Bb1 Nd7 26. Rxc8 Qxc8 27. Nf5
Qc7 28. Qc1 Qb6 29. Rd1 Nf8 30. Rd6 Qa5 31. a3 Bxf5 32. gxf5 Re7 33. b4 Qc7 34.
Rc6 Qd8 35. Rc8 Qd6 36. Ba2 Rd7 37. Bd5 Rd8 38. Rc6 Qe7 39. Rxa6 Qh4 40. Qc7
Qg5+ 41. Kf1 Rxd5 42. exd5 Qxf5 43. Qc5 Qxh3+ 44. Ke1 f5 45. Ra8 Qh1+ 46. Kd2
Qh6+ 47. Kc2 Qf6 48. d6 Kf7 49. Rxf8+ 1-0

[Event "2BLS 1718 SC Eppingen - SC Heusenstamm"]
[Site "?"]
[Date "2017.11.12"]
[Round "4.5"]
[White "Klekowski, Maciej"]
[Black "Juhasz, Armin"]
[Result "1/2-1/2"]
[WhiteElo "2484"]
[BlackElo "2370"]
[PlyCount "118"]
[EventDate "2017.??.??"]

1. d4 d5 2. Nf3 Nf6 3. c4 dxc4 4. e3 Bg4 5. Bxc4 e6 6. Nc3 a6 7. a4 Nc6 8. O-O
Bd6 9. Be2 O-O 10. h3 Bh5 11. Nd2 Bxe2 12. Qxe2 e5 13. dxe5 Bxe5 14. Nf3 Bxc3
15. bxc3 Ne4 16. Ba3 Re8 17. Qc2 Qd5 18. c4 Qa5 19. Rfd1 Rac8 20. Rac1 Rcd8 21.
Rxd8 Nxd8 22. Rd1 Nc6 23. Rd7 Nf6 24. Rd1 h6 25. Bb2 Re6 26. Nd4 Nxd4 27. Rxd4
Rd6 28. Rxd6 cxd6 29. Bc3 Qc5 30. Bxf6 gxf6 31. Qb3 b6 32. Kf1 Qc6 33. h4 Qe4
34. g3 Qh1+ 35. Ke2 Qc1 36. Kf3 Kg7 37. Kg2 Qa1 38. Kf3 Qh1+ 39. Ke2 Qc1 40.
Kf3 Qh1+ 41. Ke2 Qc1 42. h5 Qa1 43. Qc2 Qa3 44. g4 Qb4 45. Kf3 Qa3 46. Kg2 Qb4
47. Kf3 Qa3 48. Ke2 Qb4 49. f4 Qa3 50. Kf3 Qb4 51. Kf2 Qa3 52. Ke2 Qb4 53. Kf3
Qa3 54. Qd1 Qb4 55. Qd4 Qe1 56. Ke4 Qa5 57. Kf3 Qe1 58. Ke4 Qa5 59. Kf3 Qe1
1/2-1/2

[Event "2BLS 1718 SC Eppingen - SC Heusenstamm"]
[Site "?"]
[Date "2017.11.12"]
[Round "4.6"]
[White "Hacker, Jonas"]
[Black "Weichhold, Pawel"]
[Result "1/2-1/2"]
[WhiteElo "2297"]
[BlackElo "2424"]
[PlyCount "302"]
[EventDate "2017.??.??"]

1. e4 c5 2. Nf3 Nc6 3. d4 cxd4 4. Nxd4 g6 5. c4 Bg7 6. Be3 d6 7. Nc3 Nf6 8. Be2
O-O 9. O-O Bd7 10. Nc2 a6 11. f3 Rc8 12. Na3 Be6 13. Qd2 Qa5 14. Rab1 Rfe8 15.
Rfc1 Nd7 16. Nd5 Qxd2 17. Bxd2 f5 18. Nf4 Nd4 19. Bf1 fxe4 20. fxe4 Bf7 21. b3
g5 22. Ne2 Bg6 23. Ng3 Bf6 24. Rd1 Nc5 25. Be3 Nc6 26. Bxc5 dxc5 27. Nc2 e6 28.
Be2 Rc7 29. Bh5 Kg7 30. Bxg6 Kxg6 31. Kf2 h5 32. Ke2 Be5 33. Rd3 g4 34. Rbd1 h4
35. Nf1 Rf7 36. Nfe3 Rf4 37. h3 gxh3 38. gxh3 Rxe4 39. Kd2 Nd4 40. Rg1+ Kh5 41.
Rg4 Rxg4 42. Nxg4 Bg7 43. Nxd4 cxd4 44. Rf3 e5 45. Rf7 Kg6 46. Rxb7 e4 47. Rd7
Bh8 48. c5 Kf5 49. c6 Ke6 50. b4 Rc8 51. Rh7 Kd6 52. c7 Re8 53. a4 e3+ 54. Ke2
d3+ 55. Kxd3 e2 56. c8=N+ Rxc8 57. Kxe2 Bc3 58. Rh6+ Kc7 59. Ne3 Kb7 60. Rxh4
Re8 61. Kd3 Be1 62. Rh7+ Kc6 63. Rh6+ Kb7 64. Nd5 Rd8 65. Kc4 Rc8+ 66. Kd4 Bf2+
67. Kd3 Rd8 68. Ke4 Re8+ 69. Kf3 Be1 70. Rb6+ Ka7 71. Rf6 Re5 72. Rf7+ Kb8 73.
Rf8+ Kb7 74. Rf7+ Kb8 75. Re7 Rf5+ 76. Ke4 Rh5 77. Re8+ Kb7 78. Re7+ Kb8 79.
Re8+ Kb7 80. Nf4 Rh4 81. Re7+ Kb8 82. b5 axb5 83. Kf5 Bd2 84. Ng2 Rh5+ 85. Kg4
Rg5+ 86. Kf3 bxa4 87. Re2 Rd5 88. Re4 Ra5 89. Re2 Bh6 90. Ra2 Kb7 91. Ne3 Kc6
92. Nc4 Ra8 93. Ke4 Kc5 94. Kd3 Rd8+ 95. Kc2 Kxc4 96. Rxa4+ Kd5 97. Ra5+ Ke4
98. Ra4+ Kf3 99. Rh4 Bg5 100. Rc4 Rh8 101. h4 Bxh4 102. Kd3 Bf6 103. Rc6 Be5
104. Rg6 Rd8+ 105. Kc4 Ke4 106. Rg4+ Bf4 107. Rh4 Rc8+ 108. Kb5 Ke5 109. Rh3
Rc1 110. Rh5+ Kd6 111. Rh3 Rc8 112. Rh1 Kd5 113. Rd1+ Ke4 114. Rh1 Be5 115. Rd1
Bd4 116. Rh1 Kd5 117. Rh5+ Be5 118. Rh6 Rc5+ 119. Kb4 Rc2 120. Rh3 Rc8 121. Rh5
Rb8+ 122. Ka5 Rb1 123. Ka6 Rb2 124. Ka5 Rb8 125. Ka4 Ke4 126. Rh4+ Kd3 127. Rb4
Rc8 128. Rh4 Rb8 129. Rb4 Rc8 130. Rh4 Bd4 131. Kb5 Rc5+ 132. Ka6 Kc4 133. Kb7
Kd5 134. Rh1 Rb5+ 135. Kc8 Be5 136. Rh6 Rb1 137. Rh5 Rb8+ 138. Kd7 Rb7+ 139.
Kc8 Rf7 140. Rh1 Bd6 141. Rc1 Bc5 142. Rh1 Kc6 143. Rd1 Ra7 144. Rb1 Rc7+ 145.
Kd8 Rf7 146. Re1 Rf8+ 147. Re8 Rf1 148. Re2 Rf7 149. Re1 Bd6 150. Rc1+ Kd5 151.
Rd1+ Ke6 1/2-1/2

[Event "2BLS 1718 SC Eppingen - SC Heusenstamm"]
[Site "?"]
[Date "2017.11.12"]
[Round "4.7"]
[White "Barski, Radoslaw"]
[Black "Bilchinski, Anton"]
[Result "1/2-1/2"]
[WhiteElo "2443"]
[BlackElo "2309"]
[PlyCount "62"]
[EventDate "2017.??.??"]

1. e4 e5 2. Bc4 Nf6 3. d3 c6 4. Nf3 d6 5. O-O Be7 6. c3 O-O 7. Nbd2 Nbd7 8. Re1
b5 9. Bb3 Nc5 10. Bc2 Qc7 11. d4 Ne6 12. Nf1 Re8 13. a4 Bb7 14. axb5 cxb5 15.
d5 Nc5 16. b4 Ncd7 17. Bb2 Nb6 18. N3d2 Nfd7 19. Qg4 Bc8 20. Qe2 a6 21. Bd3 Na4
22. Rxa4 bxa4 23. Nc4 a5 24. Nxa5 a3 25. Ba1 Rxa5 26. bxa5 Qxa5 27. Bb5 Rd8 28.
Nd2 Nc5 29. Rb1 f5 30. Rb4 Qa7 31. exf5 Bxf5 1/2-1/2

[Event "2BLS 1718 SC Eppingen - SC Heusenstamm"]
[Site "?"]
[Date "2017.11.12"]
[Round "4.8"]
[White "Gibicar, Danijel"]
[Black "Zuyev, Igor"]
[Result "0-1"]
[WhiteElo "2267"]
[BlackElo "2430"]
[PlyCount "130"]
[EventDate "2017.??.??"]

1. e4 c5 2. Nf3 g6 3. d4 cxd4 4. Nxd4 Nc6 5. Be2 Bg7 6. Nb3 Nf6 7. Nc3 d6 8.
Be3 O-O 9. f4 e5 10. O-O exf4 11. Bxf4 Re8 12. Qxd6 Qb6+ 13. Kh1 Nxe4 14. Nxe4
Rxe4 15. Bf3 Re6 16. Qd2 Bxb2 17. Rab1 Be5 18. Bd5 Rf6 19. Be3 Qb4 20. Rxf6
Bxf6 21. Rf1 Bf5 22. Bxc6 Bc3 23. Qf2 bxc6 24. Nd4 Bxd4 25. Bxd4 Re8 26. c3 Qd6
27. Re1 Be4 28. Bxa7 Qe5 29. Kg1 Qxc3 30. Bd4 Qa5 31. Bf6 c5 32. h3 c4 33. Qh4
Qxa2 34. Qg3 h6 35. Kh2 Qc2 36. Rf1 Bc6 37. Rf2 Qd3 38. Qf4 Qe3 39. Qh4 Re4 40.
Qg3 Qxg3+ 41. Kxg3 Re3+ 42. Kh2 g5 43. g4 Be4 44. Rb2 Kh7 45. Rb4 Bd5 46. Rb5
Rd3 47. Be5 c3 48. Rc5 Rd2+ 49. Kg1 c2 50. Bb2 Kg6 51. Rc8 f5 52. Rc7 fxg4 53.
hxg4 h5 54. gxh5+ Kxh5 55. Rh7+ Kg4 56. Rc7 Kf3 57. Rc3+ Ke2 58. Kh2 Kf1+ 59.
Kh3 Rg2 60. Re3 Bc6 61. Re7 Bf3 62. Rf7 Kg1 63. Bd4+ Kh1 64. Rxf3 g4+ 65. Kh4
gxf3 0-1

[Event "2BLS 1718 SC Untergrombach - SV Grieshe"]
[Site "?"]
[Date "2017.11.12"]
[Round "4.2"]
[White "Velten, Paul"]
[Black "Tazbir, Marcin"]
[Result "1/2-1/2"]
[WhiteElo "2444"]
[BlackElo "2513"]
[PlyCount "28"]
[EventDate "2017.??.??"]

1. d4 Nf6 2. Nf3 g6 3. c3 Bg7 4. Bg5 d6 5. Nbd2 h6 6. Bxf6 Bxf6 7. e3 Bg7 8.
Bd3 e5 9. Qb3 Nd7 10. a4 Qe7 11. a5 a6 12. O-O Nf6 13. e4 O-O 14. Rfe1 Re8
1/2-1/2

[Event "2BLS 1718 SC Untergrombach - SV Grieshe"]
[Site "?"]
[Date "2017.11.12"]
[Round "4.3"]
[White "Walter, Stefan"]
[Black "Rogic, Davor"]
[Result "1/2-1/2"]
[WhiteElo "2404"]
[BlackElo "2498"]
[PlyCount "87"]
[EventDate "2017.??.??"]

1. d4 d5 2. c4 c6 3. cxd5 cxd5 4. Nc3 Nf6 5. Nf3 Nc6 6. Bf4 Nh5 7. Bd2 e6 8.
Rc1 Bd6 9. e3 Nf6 10. Be2 O-O 11. O-O Ne4 12. Nxe4 dxe4 13. Ne1 e5 14. d5 Ne7
15. Qb3 b6 16. Nc2 Bb7 17. Nb4 Bc5 18. Rfd1 Qd6 19. Ba6 Bxa6 20. Nxa6 Rfd8 21.
Qa4 Qg6 22. Nxc5 bxc5 23. Rxc5 Nxd5 24. Ba5 Nb6 25. Qc2 Qg4 26. Rc1 f6 27. h3
Qe6 28. b3 Rd3 29. Rc6 Qd5 30. Bxb6 axb6 31. Rxb6 h5 32. a4 Rd8 33. Qc4 Qxc4
34. Rxc4 Rd1+ 35. Kh2 R8d2 36. Rc7 Rxf2 37. Rbb7 Kh7 38. Rxg7+ Kh6 39. a5 Ra1
40. b4 Re2 41. Rg8 Rxe3 42. Rf7 Rf1 43. a6 Ra3 44. Rfg7 1/2-1/2

[Event "2BLS 1718 SC Untergrombach - SV Grieshe"]
[Site "?"]
[Date "2017.11.12"]
[Round "4.4"]
[White "Maier, Christian"]
[Black "Baskin, Robert"]
[Result "1/2-1/2"]
[WhiteElo "2399"]
[BlackElo "2311"]
[PlyCount "28"]
[EventDate "2017.??.??"]

1. d4 Nf6 2. Nf3 d5 3. c4 e6 4. Nc3 Be7 5. g3 O-O 6. Bg2 dxc4 7. Qa4 a6 8. Qxc4
b5 9. Qb3 Bb7 10. O-O Nbd7 11. Ne5 Bxg2 12. Kxg2 Qc8 13. Nxd7 Qxd7 14. Rd1 c5
1/2-1/2

[Event "2BLS 1718 SC Untergrombach - SV Grieshe"]
[Site "?"]
[Date "2017.11.12"]
[Round "4.5"]
[White "Spitzl, Vinzent"]
[Black "Fuchs, Heinz"]
[Result "1-0"]
[WhiteElo "2300"]
[BlackElo "2251"]
[PlyCount "141"]
[EventDate "2017.??.??"]

1. e4 c5 2. Nf3 e6 3. d4 cxd4 4. Nxd4 Nc6 5. Nc3 Qc7 6. Qd3 Nf6 7. Nxc6 bxc6 8.
Qg3 Qxg3 9. hxg3 d5 10. exd5 cxd5 11. Nb5 Kd7 12. c4 a6 13. Nd4 Bb7 14. Nf3
Bb4+ 15. Bd2 Bxd2+ 16. Kxd2 Ke7 17. cxd5 Rhd8 18. Bd3 Rxd5 19. Ke2 Rad8 20.
Rad1 a5 21. Bc4 Rxd1 22. Rxd1 Rc8 23. Bd3 h6 24. Rh1 Bd5 25. Rh4 Rb8 26. b3
Bxf3+ 27. gxf3 Rb4 28. Bc4 Nd7 29. a3 Rb8 30. Rh5 e5 31. Kd3 f6 32. Kc3 Nc5 33.
Rh1 Ne6 34. Re1 Kd6 35. f4 Nc5 36. fxe5+ fxe5 37. Rd1+ Kc6 38. Rd5 Rf8 39. Rxe5
Rxf2 40. Re3 Rg2 41. Kd4 Rd2+ 42. Ke5 Rd8 43. Kf5 Rd6 44. Re8 Rf6+ 45. Ke5 Rg6
46. Bd5+ Kc7 47. Kd4 Nd7 48. Re3 Rg4+ 49. Kc3 Nc5 50. b4 axb4+ 51. axb4 Nd7 52.
Be6 Rg5 53. Kd4 Kd6 54. Bh3 Nf6 55. Kc4 Nh5 56. Re6+ Kc7 57. Re7+ Kb8 58. b5
Rxg3 59. Bd7 Kc7 60. Bc6+ Kd6 61. Rd7+ Ke6 62. b6 Nf6 63. Rc7 Kd6 64. Kb5 Rb3+
65. Ka6 g5 66. Rc8 Ra3+ 67. Kb7 g4 68. Rd8+ Ke7 69. Kc7 g3 70. b7 Ra7 71. Ra8
1-0

[Event "2BLS 1718 SC Untergrombach - SV Grieshe"]
[Site "?"]
[Date "2017.11.12"]
[Round "4.6"]
[White "Sieglen, Joachim"]
[Black "Grabarczyk, Bogdan"]
[Result "1/2-1/2"]
[WhiteElo "2232"]
[BlackElo "2389"]
[PlyCount "66"]
[EventDate "2017.??.??"]

1. d4 d5 2. c4 dxc4 3. Nf3 Nf6 4. e3 a6 5. Bxc4 b5 6. Bb3 Bb7 7. a4 Nbd7 8. O-O
e6 9. Qe2 c5 10. Rd1 Qb8 11. axb5 axb5 12. Rxa8 Bxa8 13. Na3 c4 14. Bc2 Ne4 15.
Nb1 Bd6 16. Nc3 Ndf6 17. h3 O-O 18. Nxe4 Nxe4 19. Nd2 Nxd2 20. Bxd2 e5 21. dxe5
Bxe5 22. Bc3 g6 23. Bxe5 Qxe5 24. Rd4 Qg5 25. Rg4 Qf6 26. Be4 Qe5 27. Bxa8 Rxa8
28. f4 Qe4 29. Rg5 f5 30. h4 Kf7 31. h5 Ra1+ 32. Kh2 Qb1 33. Qf3 Qh1+ 1/2-1/2

[Event "2BLS 1718 SC Untergrombach - SV Grieshe"]
[Site "?"]
[Date "2017.11.12"]
[Round "4.7"]
[White "Koehler, Ronald"]
[Black "Schneider, Bernd"]
[Result "0-1"]
[WhiteElo "2265"]
[BlackElo "2291"]
[PlyCount "122"]
[EventDate "2017.??.??"]

1. d4 Nf6 2. c4 c5 3. d5 b5 4. cxb5 a6 5. bxa6 Bxa6 6. Nc3 g6 7. Nf3 d6 8. g3
Bg7 9. Bg2 O-O 10. O-O Qa5 11. Bd2 Nbd7 12. Rb1 Rfb8 13. b3 Ne8 14. Qc2 Nc7 15.
a4 Qb6 16. Qe4 Nf6 17. Qh4 Qb4 18. Rfe1 Qxh4 19. Nxh4 Rb7 20. Na2 Rab8 21. b4
Bc4 22. Nc1 cxb4 23. Nb3 Bxd5 24. e4 Bxb3 25. Rxb3 Ra7 26. Rxb4 Rxb4 27. Bxb4
Rxa4 28. Bd2 Ne6 29. f3 Nd4 30. Rb1 Bf8 31. Rb2 Kg7 32. Kf2 e6 33. Bf1 d5 34.
exd5 Nxd5 35. Kg2 Be7 36. f4 Bf6 37. Kf2 Nf3 38. Rc2 Nxh4 39. gxh4 Bxh4+ 40.
Kf3 Ra3+ 41. Ke2 Bf6 42. Bg2 Rb3 43. Rc4 h5 44. Bf1 Bc3 45. Be3 Rb2+ 46. Kf3
Bf6 47. Bg1 Rb1 48. Kg2 Rd1 49. Be2 Rd2 50. Kf3 Nc3 51. Bf1 Rd1 52. Kg2 h4 53.
h3 Nd5 54. Be2 Rd2 55. Kf3 Ne7 56. Bf1 Nf5 57. Bf2 Ra2 58. Rc7 Ra3+ 59. Kg2 Bd4
60. Bxd4+ Nxd4 61. Rc1 Rg3+ 0-1

[Event "2BLS 1718 SC Untergrombach - SV Grieshe"]
[Site "?"]
[Date "2017.11.12"]
[Round "4.8"]
[White "Cofman, Veaceslav"]
[Black "Nothnagel, Marian Can"]
[Result "1-0"]
[WhiteElo "2181"]
[BlackElo "2178"]
[PlyCount "89"]
[EventDate "2017.??.??"]

1. d4 Nf6 2. c4 g6 3. f3 Bg7 4. e4 d6 5. Nc3 O-O 6. Be3 c6 7. Qd2 a6 8. d5 cxd5
9. Nxd5 Nxd5 10. cxd5 e6 11. Bc4 Qh4+ 12. Bf2 Qf6 13. Rb1 Nd7 14. dxe6 fxe6 15.
Nh3 Ne5 16. Be2 Rd8 17. O-O b5 18. Be3 Nc6 19. Rfd1 Rd7 20. Qc2 Bb7 21. Qb3 Kh8
22. Nf2 Re8 23. Bf1 d5 24. exd5 exd5 25. Ne4 Qf7 26. Nc5 Rde7 27. Bf2 Na5 28.
Qa3 Nc4 29. Bxc4 dxc4 30. Nxb7 Rxb7 31. Qxa6 h5 32. a3 Re2 33. h4 Rxb2 34. Rxb2
Bxb2 35. Rd6 Be5 36. Re6 Bg7 37. Rxg6 Rd7 38. Qa8+ Kh7 39. Rg5 c3 40. Qe4+ Kh8
41. Rxb5 Rd8 42. Rc5 Re8 43. Qd3 Kg8 44. Kf1 Ra8 45. Be1 1-0

[Event "2BLS 1718 SC Viernheim - FB Mörlenbach"]
[Site "?"]
[Date "2017.11.12"]
[Round "4.1"]
[White "Kunin, Vitaly"]
[Black "Amin, Bassem"]
[Result "1/2-1/2"]
[WhiteElo "2531"]
[BlackElo "2698"]
[PlyCount "111"]
[EventDate "2017.??.??"]

1. d4 Nf6 2. c4 g6 3. Nc3 Bg7 4. e4 d6 5. Be2 O-O 6. Nf3 e5 7. O-O Nc6 8. dxe5
Nxe5 9. Nxe5 dxe5 10. Bg5 c6 11. Qxd8 Rxd8 12. f4 Rd4 13. Rad1 Be6 14. f5 gxf5
15. exf5 Bxc4 16. Rxd4 exd4 17. Bxc4 dxc3 18. bxc3 Ne4 19. Be3 Bxc3 20. Rd1 Nf6
21. h3 h5 22. Kf2 a5 23. a4 Re8 24. Kf3 Re5 25. Rd8+ Kg7 26. Bd3 Rd5 27. Rxd5
Nxd5 28. g4 hxg4+ 29. hxg4 Be5 30. Bd2 Nb6 31. Bxa5 Nxa4 32. g5 f6 33. gxf6+
Bxf6 34. Bb4 Kf7 35. Bc4+ Ke8 36. Be6 b5 37. Ke4 Nb6 38. Bd6 Nd7 39. Ba2 Be7
40. Bg3 Nc5+ 41. Kd4 Nd7 42. Ke4 Ba3 43. Be5 Ke7 44. f6+ Nxf6+ 45. Bxf6+ Kxf6
46. Kd4 Bb4 47. Bb1 Ke6 48. Bg6 Kd6 49. Kd3 Be1 50. Kc2 Kd5 51. Bd3 Kc5 52. Kb3
Kb6 53. Be2 c5 54. Bd3 c4+ 55. Bxc4 bxc4+ 56. Kxc4 1/2-1/2

[Event "2BLS 1718 SC Viernheim - FB Mörlenbach"]
[Site "?"]
[Date "2017.11.12"]
[Round "4.2"]
[White "Kovalenko, Igor"]
[Black "Galdunts, Sergey"]
[Result "1-0"]
[WhiteElo "2630"]
[BlackElo "2424"]
[PlyCount "69"]
[EventDate "2017.??.??"]

1. c4 e6 2. g3 d5 3. Bg2 c6 4. Qc2 Nf6 5. Nf3 Nbd7 6. d4 b6 7. O-O Ba6 8. Nbd2
Be7 9. b3 O-O 10. e4 c5 11. e5 Ne8 12. Re1 Nc7 13. Bb2 Rc8 14. Rad1 b5 15. b4
cxb4 16. c5 Nb8 17. h4 Nc6 18. Nf1 Ra8 19. N1h2 f5 20. exf6 gxf6 21. Bc1 Bc8
22. Bf4 a5 23. Bh3 e5 24. Bxc8 Rxc8 25. dxe5 Ne6 26. exf6 Rxf6 27. Ng4 Nxf4 28.
Nxf6+ Bxf6 29. gxf4 Qd7 30. f5 Kh8 31. Re6 Qg7+ 32. Kf1 Bc3 33. Rxd5 Qg4 34.
Qd3 Qf4 35. Rxc6 1-0

[Event "2BLS 1718 SC Viernheim - FB Mörlenbach"]
[Site "?"]
[Date "2017.11.12"]
[Round "4.3"]
[White "Dittmar, Peter"]
[Black "Fedorchuk, Sergey"]
[Result "0-1"]
[WhiteElo "2266"]
[BlackElo "2640"]
[PlyCount "80"]
[EventDate "2017.??.??"]

1. d4 Nf6 2. Nc3 d5 3. Bf4 e6 4. e3 Be7 5. Bd3 O-O 6. Nf3 c5 7. dxc5 Nc6 8. O-O
Nd7 9. e4 d4 10. Na4 e5 11. Bg3 Qa5 12. c4 Nxc5 13. Nxc5 Qxc5 14. a3 a5 15. Qa4
Bg4 16. Nd2 Qd6 17. Rac1 Bg5 18. Rc2 Bd7 19. c5 Qe7 20. Qb3 a4 21. Qb6 h5 22.
h3 h4 23. Bh2 Bxd2 24. Rxd2 Bxh3 25. f4 Bg4 26. Bc4 exf4 27. Rxf4 Be6 28. Bb5
Rfc8 29. Rf1 Na5 30. Qd6 Qg5 31. Bf4 Qxc5 32. Qxc5 Rxc5 33. Bxa4 Nc4 34. Rxd4
Rxa4 35. b3 Rxa3 36. bxc4 Rxc4 37. Rxc4 Bxc4 38. Rc1 b5 39. Bg5 h3 40. gxh3
Rg3+ 0-1

[Event "2BLS 1718 SC Viernheim - FB Mörlenbach"]
[Site "?"]
[Date "2017.11.12"]
[Round "4.4"]
[White "Abergel, Thal"]
[Black "Legde, Georg"]
[Result "1/2-1/2"]
[WhiteElo "2462"]
[BlackElo "2312"]
[PlyCount "85"]
[EventDate "2017.??.??"]

1. e4 c5 2. Nc3 Nc6 3. Bb5 Nd4 4. Bc4 e6 5. Nf3 Nf6 6. O-O a6 7. d3 b5 8. Bb3
Nxb3 9. axb3 Bb7 10. e5 b4 11. Na4 Nd5 12. d4 cxd4 13. Qxd4 Qc7 14. c4 Ne7 15.
Bf4 Bxf3 16. gxf3 Ng6 17. Bg3 h5 18. h3 h4 19. Bh2 Rh5 20. Rfe1 Qc6 21. f4 Rc8
22. Rad1 Ne7 23. Nc5 Rc7 24. Ne4 Nf5 25. Qd3 a5 26. c5 Bxc5 27. Rc1 Qb6 28. Qc2
d6 29. Red1 Ke7 30. exd6+ Bxd6 31. Qe2 Rxc1 32. Rxc1 Rh8 33. Ng5 Bb8 34. Re1
Qc6 35. Ne4 Ba7 36. Qg4 Rh6 37. Ng5 Qc2 38. Qf3 Qc7 39. Qe4 Kf8 40. Rd1 Ke7 41.
Re1 Kf8 42. Rd1 Ke7 43. Re1 1/2-1/2

[Event "2BLS 1718 SC Viernheim - FB Mörlenbach"]
[Site "?"]
[Date "2017.11.12"]
[Round "4.5"]
[White "Boehmer, Christian"]
[Black "Tarlev, Konstantin"]
[Result "0-1"]
[WhiteElo "2157"]
[BlackElo "2544"]
[PlyCount "70"]
[EventDate "2017.??.??"]

1. e4 c5 2. Nf3 e6 3. b4 cxb4 4. d4 d5 5. e5 Nc6 6. a3 Nh6 7. axb4 Bxb4+ 8. c3
Be7 9. h4 f6 10. Bxh6 gxh6 11. Bb5 Bd7 12. Bxc6 Bxc6 13. Qc1 Bf8 14. Qf4 f5 15.
Nbd2 Rg8 16. g3 Qc7 17. Qe3 Bb5 18. Nb1 Rg4 19. Nfd2 Qg7 20. c4 dxc4 21. Nc3
Bc6 22. Rh3 f4 23. gxf4 Rg1+ 24. Nf1 Bg2 25. Rg3 Rxf1+ 26. Ke2 Rxa1 27. Rxg7
Bxg7 28. Qg3 Bf1+ 29. Kd2 Bf8 30. d5 O-O-O 31. Qg4 Bb4 32. Qxe6+ Kb8 33. Kc2
Bd3+ 34. Kb2 Ra6 35. d6 Ba3+ 0-1

[Event "2BLS 1718 SC Viernheim - FB Mörlenbach"]
[Site "?"]
[Date "2017.11.12"]
[Round "4.6"]
[White "Mandel, Andreas"]
[Black "Klings, Peter"]
[Result "1-0"]
[WhiteElo "2395"]
[BlackElo "2166"]
[PlyCount "75"]
[EventDate "2017.??.??"]

1. d4 Nf6 2. Nf3 c5 3. d5 g6 4. Nc3 Bg7 5. e4 d6 6. Be2 O-O 7. O-O e6 8. Bf4 e5
9. Bg5 h6 10. Bh4 Bg4 11. Nd2 Bxe2 12. Qxe2 a6 13. a4 b6 14. Nc4 Qc7 15. Ra3
Nbd7 16. g4 Rfe8 17. h3 Kh7 18. Kg2 Ng8 19. Bg3 Ne7 20. f3 Nc8 21. Ne3 Qb7 22.
Rb1 Bf6 23. Bf2 Bg5 24. b4 Qc7 25. bxc5 Nxc5 26. Nc4 Re7 27. Na2 Rd7 28. Nb4
Rb8 29. Bxc5 bxc5 30. Nxa6 Rxb1 31. Nxc7 Rxc7 32. Rb3 Rxb3 33. cxb3 Ra7 34. Qf2
Rd7 35. Qa2 Bd8 36. a5 Ra7 37. Qa4 Kg7 38. Qe8 1-0

[Event "2BLS 1718 SC Viernheim - FB Mörlenbach"]
[Site "?"]
[Date "2017.11.12"]
[Round "4.7"]
[White "Wohlfart, Paulus"]
[Black "Meinhardt, Maximilian"]
[Result "0-1"]
[WhiteElo "2094"]
[BlackElo "2383"]
[PlyCount "38"]
[EventDate "2017.??.??"]

1. d4 e6 2. c4 d5 3. Nc3 c5 4. cxd5 exd5 5. Nf3 Nc6 6. g3 c4 7. Bg2 Bb4 8. O-O
Nge7 9. Bg5 f6 10. Bf4 O-O 11. Rc1 Bf5 12. b3 Ba3 13. bxc4 Bxc1 14. Qxc1 dxc4
15. e4 Bg4 16. Nb5 Qd7 17. Qxc4+ Kh8 18. Rd1 Ng6 19. Be3 Nce5 0-1

[Event "2BLS 1718 SC Viernheim - FB Mörlenbach"]
[Site "?"]
[Date "2017.11.12"]
[Round "4.8"]
[White "Markert, Malte"]
[Black "Wrede, Michael"]
[Result "1/2-1/2"]
[WhiteElo "2350"]
[BlackElo "2178"]
[PlyCount "119"]
[EventDate "2017.??.??"]

1. d4 e6 2. Nf3 f5 3. d5 Nf6 4. dxe6 dxe6 5. Qxd8+ Kxd8 6. Nc3 Bb4 7. Bd2 Ke7
8. e4 Bxc3 9. Bxc3 Nxe4 10. Bxg7 Rg8 11. Bh6 Nd7 12. Nd2 Nxd2 13. Bxd2 b6 14.
O-O-O Bb7 15. f3 Nf6 16. h4 Rad8 17. Re1 Kf7 18. Bg5 Rge8 19. Bb5 Re7 20. Rhf1
a6 21. Bd3 b5 22. g4 Rd5 23. gxf5 exf5 24. Rxe7+ Kxe7 25. Bxf6+ Kxf6 26. Be4
Ke5 27. Bxd5 Bxd5 28. Kd2 Kf4 29. Rg1 h5 30. Ke2 c5 31. Kf2 Bxf3 32. Rg6 Bd1
33. c3 Ke4 34. Rxa6 Kd3 35. Rc6 c4 36. Rd6+ Kc2 37. Ke1 Bf3 38. Rd2+ Kb1 39. a3
Be4 40. Kd1 Bf3+ 41. Ke1 Be4 42. Rd6 Kxb2 43. Rb6 Kxc3 44. Rxb5 Kd4 45. a4 c3
46. a5 Bd3 47. Rb6 Ke3 48. a6 c2 49. Rc6 Bxa6 50. Rxc2 Bb7 51. Rc3+ Kf4 52. Rc7
Bf3 53. Kf2 Be4 54. Rg7 Bf3 55. Rg8 Bd1 56. Rg3 Bc2 57. Rg1 Be4 58. Rg7 Bf3 59.
Rg1 Be4 60. Rg3 1/2-1/2

[Event "2BLS 1718 OSG Baden Baden II - TSV SchÃ"]
[Site "?"]
[Date "2017.11.12"]
[Round "4.1"]
[White "Hirneise, Tobias"]
[Black "Gozzoli, Yannick"]
[Result "1/2-1/2"]
[WhiteElo "2459"]
[BlackElo "2569"]
[PlyCount "42"]
[EventDate "2017.??.??"]

1. d4 d5 2. c4 c6 3. Nf3 Nf6 4. Nc3 e6 5. e3 Nbd7 6. Qc2 Bd6 7. b3 O-O 8. Be2
b6 9. O-O Bb7 10. Bb2 Qe7 11. Rfd1 Rac8 12. Rac1 Rfe8 13. Bf1 a6 14. g3 c5 15.
cxd5 Nxd5 16. Nxd5 Bxd5 17. e4 Bb7 18. d5 exd5 19. exd5 Ne5 20. Bg2 Nxf3+ 21.
Bxf3 Rcd8 1/2-1/2

[Event "2BLS 1718 OSG Baden Baden II - TSV SchÃ"]
[Site "?"]
[Date "2017.11.12"]
[Round "4.2"]
[White "Riff, Jean-Noel"]
[Black "Volke, Karsten"]
[Result "1/2-1/2"]
[WhiteElo "2508"]
[BlackElo "2473"]
[PlyCount "36"]
[EventDate "2017.??.??"]

1. e4 e5 2. Nf3 Nc6 3. Bb5 a6 4. Ba4 Nf6 5. O-O Be7 6. Re1 b5 7. Bb3 d6 8. c3
O-O 9. h3 Na5 10. Bc2 c5 11. d4 Qc7 12. Nbd2 Rd8 13. b3 cxd4 14. cxd4 exd4 15.
Bb2 Nc6 16. Nxd4 Nxd4 17. Bxd4 Be6 18. Rc1 Qb7 1/2-1/2